|
|
|
|
| LEADER |
00000cam a2200000 7i4500 |
| 001 |
0000074076 |
| 005 |
20220105105423.0 |
| 008 |
170628 |
| 020 |
|
|
|a 1858339537
|
| 090 |
0 |
0 |
|a SC
|b ENG
|
| 100 |
1 |
|
|a Oxlade, Chris
|
| 245 |
1 |
0 |
|a Inventions
|c Chris Oxlade
|
| 260 |
|
|
|a England :
|b Zigzag Publishing ,
|c 1998
|
| 300 |
|
|
|a 32pg. :
|b Col.ill.
|
| 490 |
1 |
|
|a CD-ROM fact finders Interactive Multimedia
|
| 500 |
|
|
|a Children ages 7-9 years old (orange)
|
| 650 |
|
0 |
|a Junior
|x English
|x Languages
|
| 999 |
|
|
|a 0000951601
|b Book
|c Children Collection
|e Cawangan Segamat
|
| 999 |
|
|
|a 0000951602
|b Book
|c Children Collection
|e Cawangan Tangkak
|
| 999 |
|
|
|a 0000951603
|b Book
|c Children Collection
|e Cawangan Bukit Gambir
|